书目信息 |
| 题名: |
服务礼仪的N个细节
|
|
| 作者: | 千舒 , 陈秋玲 编著 | |
| 分册: | ||
| 出版信息: | 北京 海潮出版社 2005.9 |
|
| 页数: | 229页 | |
| 开本: | 23cm | |
| 丛书名: | ||
| 单 册: | ||
| 中图分类: | F719 , K891:F719 | |
| 科图分类: | ||
| 主题词: | 服务业--fu wu ye--礼仪--基本知识 , 礼仪--li yi , 风俗习惯 | |
| 电子资源: | ||
| ISBN: | 7-80213-046-8 | |
| 000 | 00896nam0 2200277 450 | |
| 001 | CAL 012006050083 | |
| 005 | 20061031161239.96 | |
| 010 | @a7-80213-046-8@dCNY23.80 | |
| 099 | @aCAL 012006050083 | |
| 100 | @a20060918d2005 em y0chiy0120 ea | |
| 101 | 0 | @achi |
| 102 | @aCN@b110000 | |
| 105 | @aa z 000yy | |
| 200 | 1 | @a服务礼仪的N个细节@Afu wu li yi de N ge xi jie@f千舒, 陈秋玲编著 |
| 210 | @a北京@c海潮出版社@d2005.9 | |
| 215 | @a229页@c图@d23cm | |
| 330 | @a本书从细节入手, 介绍了服务礼仪规范的详细要求与操作技巧, 主要包括: 服务礼仪概述, 服务人员的仪容礼仪细节, 服务人员的服饰礼仪细节等内容。 | |
| 606 | 0 | @a服务业@Afu wu ye@x礼仪@x基本知识 |
| 606 | 0 | @a礼仪@Ali yi |
| 606 | 0 | @a风俗习惯 |
| 690 | @aF719@v4 | |
| 690 | @aK891:F719@v3 | |
| 701 | 0 | @a千舒@Aqian shu@4编著 |
| 701 | 0 | @a陈秋玲@Achen qiu ling@4编著 |
| 801 | 0 | @aCN@c20061031 |
| 905 | @a10447@dK891:F719@eQ164 | |
| 服务礼仪的N个细节/千舒, 陈秋玲编著.-北京:海潮出版社,2005.9 |
| 229页:图;23cm |
| ISBN 7-80213-046-8:CNY23.80 |
| 本书从细节入手, 介绍了服务礼仪规范的详细要求与操作技巧, 主要包括: 服务礼仪概述, 服务人员的仪容礼仪细节, 服务人员的服饰礼仪细节等内容。 |
| ● |
| 相关链接 |
|
|
|
正题名:服务礼仪的N个细节
索取号:K891:F719/Q164
 
预约/预借
| 序号 | 登录号 | 条形码 | 馆藏地/架位号 | 状态 | 备注 |
| 1 | 634257 | 206342572 | 社科库309/309社科库 10排1列4层/ [索取号:K891:F719/Q164] | 在馆 | |
| 2 | 634258 | 206342581 | 社科库309/ [索取号:K891:F719/Q164] | 在馆 | |
| 3 | 634259 | 206342590 | 社科库309/309社科库 10排1列4层/ [索取号:K891:F719/Q164] | 在馆 |